MDQL
is popping MORE tags! Check the
thread
!
Quizzes
Events
Quiz Creation
Community
Videos
Private Events
Remove Ads
Sign In
Join for FREE
Feedback
Dark Mode
Quiz Categories
Sports
Geography
Music
Movies
Television
Just For Fun
Miscellaneous
History
Literature
Language
Science
Gaming
Entertainment
Religion
Holiday
For Kids
Quiz Lab
Recent
Popular Today
Quiz Kudos Today
Editor Picks
Curator Picks
Quizzes by...
Day
Popularity
Type
Ratings
Length
Year
Community
Subscriptions
Recent Discussions
Orange Saloon
Badges
Playlists
Quests
Create
Leaderboards
Showdown
Live 5
Trivia Bingo
Activity
Puzzle Library
Sporcle Events
Private Events
Virtual Trivia
Globe League
Become a Host
Pub Owners
SporcleCon
Opinionation
Our Games
Videos
Blog
Mobile Apps
Partnerships
Remove Ads and Go Orange
Feedback
Sports
Athletes
MLB
NBA
NHL
NFL
Soccer
Sports Teams
WWE
NCAA
Football
Premier League
Basketball
Baseball
Hockey
Golf
Tennis
Cricket
Rugby
Auto Racing
Olympics
World Cup
Sports
Athletes
MLB
NBA
NHL
NFL
Soccer
Sports Teams
WWE
NCAA
Football
Premier League
Basketball
Baseball
Hockey
Golf
Tennis
Cricket
Rugby
Auto Racing
Olympics
World Cup
Random Quiz
Search Sporcle
×
Quiz Lab
Quiz Lab
Sports
past
Type in answers that appear in a list
Type in answers that appear in a list
Classic
Best Score? Go Orange.
S.E. Palmeiras Squad Stats
Can you name the Palmeiras Squad?
By
JinKazuy
10m
33 Questions
62 Plays
62 Plays
62 Plays
Comments
Comments
Give Quiz Kudos
Give Quiz Kudos
-
- Ratings
hide this ad
Replay
Link that replays current quiz
Next Quiz
Link to next quiz in quiz playlist
You Got
0%
They Got
Avg Score
78%
Avg Friend Score
Upgrade to see
Score Distribution
Jump to the score distribution portion of the page
Score
0/33
Timer
10:00
0
Plays Today
Past Club
Player
% Correct
Vasco da Gama
Fernando Prass
98.4%
Ceará
Jailson
93.5%
Atlético Nacional-
COL
Miguel Borja
93.5%
Dnipro Dnipropetrovsk-
UKR
Egídio
91.9%
Atlético Nacional-
COL
Alejandro Guerra
91.9%
Vasco da Gama
Luan
90.3%
Rijeka-
HRV
Moisés
90.3%
Grêmio
Dudu
90.3%
Corinthians
Edu Dracena
88.7%
Internazionale-
ITA
Felipe Melo
88.7%
Fluminense
Jean
88.7%
Santa Cruz
Keno
88.7%
Criciúma
Róger Guedes
88.7%
Santos
Arouca
87.1%
Grêmio Osasco Audax
Tchê Tchê
87.1%
Independiente Santa Fé-
COL
Yerry Mina
87.1%
Grêmio
Zé Roberto
85.5%
Past Club
Player
% Correct
América-
MG
Thiago Santos
83.9%
Chapecoense
Hyoran
82.3%
Cruzeiro
Mayke
80.7%
Goiás
Erik
80.6%
Cruzeiro
Willian
79%
Ponte Preta
Antônio Carlos
77.4%
-
-
-
Vinicius Silvestre
74.2%
São Paulo
Michel Bastos
71%
Coritiba
Juninho
70.2%
Cruzeiro
Fabiano
69.4%
Coritiba
Raphael Veiga
64.5%
Montpellier-
FRA
Lucas Barrios
64.5%
Paysandu
Thiago Martins
59.7%
Henan Jianye-
CHN
Rafael Marques
59.7%
-
-
-
Daniel Fuzato
40.3%
-
-
-
Vitinho
38.7%
Quiz Playlist
Details
Report
Send in Message
Add To Playlist
Classic:
Type in answers that appear in a list
Last Updated: Jun 6, 2017
Quiz Scoreboard
CHALLENGE
Sign Up to Join the Scoreboard
Show All
Scores
Hide
Comments
May contain spoilers
Recently Published
Street Fighter Characters
by Artimus82
Gaming
60s
9x9 Crossword: Cartoon Network
by jackfrog10
Miscellaneous
3m
College Basketball Coaching Resumes
by pancakes188
Sports
9m
More to Explore
Quiz From the Vault
Featured Blog Post
Where Did the Easter Bunny Come From?
hide this ad
You Might Also Like...
Tags
club
Palmer
past
Player
Squad
Today's Top Quizzes in Sports
Browse Sports
hide this ad
Today's Top Quizzes in past
Browse past
Top Contributed Quizzes in Sports
1
2022 World Cup Stars
2
Les meilleurs buteurs des matchs entre le PSG et l’OM
3
FIFA Club World Cup Champions
4
Les entraîneurs de l'OM et du PSG au 21e siècle
5
Criteria MLB: Left Handed Sluggers
6
2023 MLB Unique Player Accomplishments
7
AFC Teams Reveal (Wrong Answers Minefield)
8
5-to-1: FBS Animal Nicknames
9
Players with Multiple 50 Home Run Seasons
10
5-to-1: UK Sports Teams
Explore More
Trending Topics
Crossword
Anime
NBA
Marvel
Harry Potter
Disney
Kpop
Song
Puzzle
Pokémon
NFL
WWE
Soccer
Country
The Office
hide this ad
More By:
JinKazuy
Quiz
Plays
Rating
Category
Featured
Created
Total Drama Characters (TDI to TDPI)
549
Television
Jan 22, 2014
Just Dance 2015 Tracklist
384
5.00
Gaming
Jun 20, 2014
All the Brazilian Championship Série A Winners
165
2.25
Sports
Oct 6, 2014
Chapecoense Squad Copa Sudamericana 2016
73
3.00
Sports
Apr 8, 2017
S.E. Palmeiras Squad
62
Sports
May 13, 2016
Go to Creator's Profile
Score Distribution
Quiz Creator Spotlight
JinKazuy
Follow
Send a Message
Quizzes Created
-
Created Quiz Play Count
-
More By This Creator
Popular Quizzes Today
1
Find the US States - No Outlines Minefield
2
Find the Countries of Europe - No Outlines Minefield
3
The Countries of the World
4
Find the US States
5
Risky Map Clicking: Biggest States A-Z
6
US States
7
Popular People in 1961
8
Movies - When Are They Set?
More Sports Quizzes
Obscure Knowledge - English Football Champions
Published
Trending Quizzes
Risky Map Clicking: Least Populous States A-Z
Countries of the World: 200 Million BC
1-10 Letter G Words
Risky Map Clicking: Next State Alphabetically
Adjectives in 80s TV Shows
Recently Updated
Leaping Animals
pecheneg
Reality TV Shows (A-Z)
bhenderson79
Rickey Henderson's Hall of Fame Teammates
pecheneg
Champions League XIs: Arsenal
pecheneg
Quick Pick: Celebrities in WWE's Hall of Fame
aduchscher
A-Z Keypad Blitz II
pecheneg
Multiple Oscar Actors
pecheneg
Mystery Phrase Blitz: Oscar 'Best Actors'
pecheneg
F. Scott Fitzgerald Novels
LTH
Pick 3 Villains
ddd62291
Trending Topics
NBA
Anime
Disney
Kpop
Crossword
Marvel
Harry Potter
Soccer
Country
The Office
NFL
Pokémon
Puzzle
WWE
Song
Your Account Isn't Verified!
In order to create a playlist on Sporcle, you need to verify the email address you used during registration. Go to your
Sporcle Settings
to finish the process.
Report this User
Report this user for behavior that violates our
Community Guidelines
.
Details:
Send Report
Go to the Sporcle.com Mobile Site →
Comments